Diseño de las bases estratégicas y del sistema de gestión basado en un enfoque por procesos del Programa de Apoyo Técnico a Instituciones y Organizaciones relacionadas con Alimentación y Nutrición (PROAT) de la Escuela de Nutrición de la Universidad de Costa Rica
Uloženo v:
| Hlavní autor: | |
|---|---|
| Další autoři: | , , |
| Médium: | Kniha |
| Jazyk: | Spanish |
| Vydáno: |
[San José, Costa Rica]
2021
|
| Témata: | |
| Tagy: |
Přidat tag
Žádné tagy, Buďte první, kdo vytvoří štítek k tomuto záznamu!
|
MARC
| LEADER | 00000nam a2200000Ia 4500 | ||
|---|---|---|---|
| 003 | 013811 | ||
| 005 | 20240319133215.0 | ||
| 008 | 140114s2021 cr a 000 ||spa d | ||
| 040 | |c cru CEDI | ||
| 100 | |a Acuña Hernández, Sergio , 1995- |9 2708 | ||
| 245 | |a Diseño de las bases estratégicas y del sistema de gestión basado en un enfoque por procesos del Programa de Apoyo Técnico a Instituciones y Organizaciones relacionadas con Alimentación y Nutrición (PROAT) de la Escuela de Nutrición de la Universidad de Costa Rica | ||
| 260 | |a [San José, Costa Rica] |c 2021 | ||
| 500 | |a Proyecto de graduación (licenciatura en ingeniería industrial)--Universidad de Costa Rica. Facultad de Ingeniería. Escuela de Ingeniería Industrial | ||
| 501 | |a Director de Proyecto de Graduación: Ing. Marco González Víquez | ||
| 650 | |x ASEGURAMIENTO DE LA CALIDAD |x PLANIFICACION ESTRATEGICA |x ADMINISTRACION DE VENTAS - DISEÑO |x SERVICIO AL CLIENTE - EVALUACION |x CALIDAD DEL SERVICIO |x MEJORAMIENTO DE PROCESOS |x SATISFACCION DEL CLIENTE | ||
| 700 | |a Arias Cerdas, Andrey, 1997- |9 2711 | ||
| 700 | |a Araya Araya, Carolina, 1996- |9 2709 | ||
| 700 | |a González Víquez, Marcos Gerardo, 1984- |d Director del TFG |9 608 | ||
| 942 | |c TFG |h TFG 8952 |i 013811 |6 TFG_8952_013811000000000 | ||
| 999 | |c 12764 |d 12764 | ||
